| 000 | 00577nam a2200193Ia 4500 | ||
|---|---|---|---|
| 005 | 20260429112002.0 | ||
| 008 | 260429s9999||||xx |||||||||||||| ||und|| | ||
| 020 | _a9798886130683 | ||
| 041 | _aEnglish | ||
| 082 |
_a330.015195 _bCHA |
||
| 100 | _aChatterji, Monojit | ||
| 245 | 0 |
_aProblem solving in economics : _ba quantitative approach / _cMonojit Chatterji |
|
| 260 |
_aSingapore : _bWorld Scientific Publishing, _c2024. |
||
| 300 | _axiv, 288 p.; pbk | ||
| 650 | _a Quantitative analysis | ||
| 650 | _a Statistical mathematics | ||
| 650 | _aEconomics | ||
| 942 | _cTB | ||
| 999 |
_c51749 _d51749 |
||